Normal view
MARC view
Entry Personal Name
001 - CONTROL NUMBER
- control field: 32070
003 - CONTROL NUMBER IDENTIFIER
- control field: ARRUPE
005 - DATE AND TIME OF LATEST TRANSACTION
- control field: 20170602114555.0
008 - FIXED-LENGTH DATA ELEMENTS
- fixed length control field: 170602|| aca||aabn | a|a d
040 ## - CATALOGING SOURCE
- Original cataloging agency: ARRUPE
- Transcribing agency: ARRUPE
100 ## - HEADING--PERSONAL NAME
- Personal name: Southall, Roger
670 ## - SOURCE DATA FOUND
- Source citation: Work cat.: (ARRUPE)4666: Southall, Roger, Democracy in Africa, 2003